| 000 | 00544nam a22001817a 4500 | ||
|---|---|---|---|
| 005 | 20260504110438.0 | ||
| 008 | 260504b |||||||| |||| 00| 0 eng d | ||
| 020 | _a978-1-118-73409-4 | ||
| 082 |
_a657.3 _bMAC-W |
||
| 100 | _aMackenzie, Bruce | ||
| 245 |
_aWiley IFRS 2014: _bInterpretation and Application of International Financial Reporting Standards |
||
| 260 |
_aNew Jersey _bJohn Wiley & Sons, Inc. _c2014 |
||
| 300 | _a1067 p. | ||
| 500 | _aIncludes Index. | ||
| 650 | _aFinancial accounting | ||
| 650 | _aAccounting | ||
| 942 | _cBK | ||
| 999 |
_c47477 _d47477 |
||